[Event "Kings Christmas challenge"]
[Site "SchemingMind.com"]
[Date "2010.12.22"]
[Round "-"]
[White "lark"]
[Black "Sam Williams"]
[Result "0-1"]
[WhiteCountry "ENG"]
[BlackCountry "ENG"]
[WhiteElo "1255"]
[WhiteRD "78"]
[BlackElo "1324"]
[BlackRD "92"]
[GameID "270294"]

1. Nf3 Nc6 2. g3 Nf6 3. Bg2 g6 4. d3 Bg7 5. O-O O-O 6. c4 d6 7. Nc3 Bg4 8. Bg5 Bxf3 9. Bxf3 h6 10. Bxf6 Bxf6
11. Bxc6 bxc6 12. Qc1 Bg5 13. e3 d5 14. cxd5 cxd5 15. f4 Bf6 16. Nb5 Rb8 17. Qxc7 Rxb5 18. Qxd8 Rxd8 19. a4 Bxb2
0-1

[Event "Kings Christmas challenge"]
[Site "SchemingMind.com"]
[Date "2010.12.19"]
[Round "-"]
[White "Jacob"]
[Black "Sam Williams"]
[Result "0-1"]
[WhiteCountry "MEX"]
[BlackCountry "ENG"]
[WhiteElo "1145"]
[WhiteRD "76"]
[BlackElo "1324"]
[BlackRD "92"]
[GameID "270295"]

1. e4 d5 2. Nc3 d4 3. Nce2 d3 4. cxd3 Qxd3 5. f3 Qd8 6. d3 e6 7. b3 Bb4+ 8. Bd2 Bxd2+ 9. Qxd2 Qh4+ 10. g3 Qf6
11. Bg2 Qxa1+ 12. Qc1 Qxa2 13. Qxc7 Na6 14. Qd6 Qxb3 15. Nf4 Qb1+
0-1

[Event "Kings Christmas challenge"]
[Site "SchemingMind.com"]
[Date "2010.12.23"]
[Round "-"]
[White "pclaxton"]
[Black "Phillip Beckett"]
[Result "0-1"]
[WhiteCountry "ENG"]
[BlackCountry "ENG"]
[WhiteElo "1351"]
[WhiteRD "58"]
[BlackElo "1694"]
[BlackRD "52"]
[GameID "270754"]

1. e4 c5 2. f3 d6 3. Nc3 Nc6 4. Bb5 g6 5. b3 Bg7 6. Bb2 Nf6 7. Bxc6+ bxc6 8. d3 O-O 9. Qd2 e5 10. O-O-O a5
11. Na4 Ba6 12. Nc3 Bb5 13. f4 a4 14. Nf3 axb3 15. cxb3 Qa5 16. fxe5 Ng4 17. exd6 Bxc3 18. Qxc3 Qxc3+ 19. Bxc3 Nf2 20. Rhf1 Nxd1
21. Rxd1 Rxa2 22. Ne5 Rxg2 23. d4 cxd4 24. Bxd4 Ra8 25. Rf1 c5 26. Bxc5 Ra1#
0-1

[Event "Kings Christmas challenge"]
[Site "SchemingMind.com"]
[Date "2010.12.22"]
[Round "-"]
[White "pclaxton"]
[Black "Will Grummitt"]
[Result "0-1"]
[WhiteCountry "ENG"]
[BlackCountry "ENG"]
[WhiteElo "1351"]
[WhiteRD "58"]
[BlackElo "1741"]
[BlackRD "54"]
[GameID "270755"]

1. e4 e6 2. Bc4 d5 3. Bd3 Nf6 4. Nc3 d4 5. e5 dxc3 6. exf6 cxd2+ 7. Bxd2 Qxf6 8. c3 Bc5 9. Be3 Bxe3 10. fxe3 O-O
11. g3 Nc6 12. Nf3 b6 13. O-O Qh6 14. e4 Bb7 15. h4 Qg6 16. Kg2 Qg4 17. b4 Ne7 18. a3 Bxe4 19. Bxe4 Qxe4 20. Qd7 Nd5
21. Rac1 Ne3+ 22. Kf2 Nxf1 23. Rxf1 Qc2+ 24. Kg1 Qxc3 25. Ng5 Qxg3+ 26. Kh1 Qxh4+ 27. Kg1 Qxg5+ 28. Kf2 Qf4+ 29. Ke1 Qd6 30. Qxd6 cxd6
31. Rf2 Rac8 32. Rf3 Rc7 33. Ke2 Rfc8 34. Kf2 d5 35. a4 Rc4 36. a5 Rxb4 37. axb6 Rxb6 38. Kg3 Rc4 39. Rf4 Rb3+ 40. Kg4 f5+
41. Kg5 h6+ 42. Kg6 Rxf4 43. Kh5 Rf1 44. Kg6 Rg1+ 45. Kh5 Rh3#
0-1

[Event "Kings Christmas challenge"]
[Site "SchemingMind.com"]
[Date "2010.12.22"]
[Round "-"]
[White "pclaxton"]
[Black "tom claxton"]
[Result "0-1"]
[WhiteCountry "ENG"]
[BlackCountry "ENG"]
[WhiteElo "1351"]
[WhiteRD "58"]
[BlackElo "1417"]
[BlackRD "58"]
[GameID "270756"]

1. e4 e6 2. d4 d5 3. Nc3 Nc6 4. Bd3 Nxd4 5. Be3 Bc5 6. Nf3 dxe4 7. Nxe4 Nxf3+ 8. Qxf3 Bxe3 9. Qxe3 Nf6 10. O-O Ng4
11. Qf4 f5 12. Ng5 h6 13. Nf3 g5 14. Qe5 Nxe5 15. Nxe5 Qd5 16. Ng6 Rg8 17. Rfd1 Rxg6 18. c4 Qc5 19. b3 b6 20. Re1 Bb7
21. g3 Qc6 22. Bf1 Qh1#
0-1

[Event "Kings Christmas challenge"]
[Site "SchemingMind.com"]
[Date "2010.12.27"]
[Round "-"]
[White "pclaxton"]
[Black "Sam Williams"]
[Result "0-1"]
[WhiteCountry "ENG"]
[BlackCountry "ENG"]
[WhiteElo "1375"]
[WhiteRD "60"]
[BlackElo "1324"]
[BlackRD "92"]
[GameID "270757"]

1. e4 d5 2. exd5 Qxd5 3. Nc3 Qe6+ 4. Nge2 Bd7 5. d3 Nc6 6. Be3 b6 7. Nb5 O-O-O 8. Ned4 Qd5 9. Nxa7+ Nxa7 10. c4 Qa5+
11. Bd2 Qe5+ 12. Be3 c5 13. f4 Qxe3+ 14. Be2 Qxd4 15. Qc2 Qxf4 16. b3 Qe5 17. O-O e6 18. Rfe1 Bd6 19. g3 Bc6 20. Bg4 Qd4+
21. Qf2 Qxg4 22. Qxf7 Qd4+ 23. Kf1 Qxd3+ 24. Re2 Qf3+ 25. Qxf3 Bxf3 26. Rxe6 Bg4 27. Re4 Rf8+ 28. Ke1 Nf6 29. Re3 Re8 30. Rxe8+ Rxe8+
31. Kf1 Re2 32. h3 Bf3 33. Kg1 Bxg3 34. Rf1 Bh2#
0-1

[Event "Kings Christmas challenge"]
[Site "SchemingMind.com"]
[Date "2010.12.27"]
[Round "-"]
[White "pclaxton"]
[Black "lark"]
[Result "1-0"]
[WhiteCountry "ENG"]
[BlackCountry "ENG"]
[WhiteElo "1375"]
[WhiteRD "60"]
[BlackElo "1255"]
[BlackRD "78"]
[GameID "270758"]

1. e4 e5 2. Nf3 d6 3. c3 Nf6 4. Qe2 g6 5. Qc4 Be6 6. Qb5+ c6 7. Qxb7 Nbd7 8. Qxc6 Rc8 9. Qa6 Nxe4 10. Qxa7 Ra8
11. Qb7 Bxa2 12. b3 Bxb1 13. Rxa8 Nec5 14. Rxd8+ Kxd8 15. Qa8+ Ke7 16. b4 Nb3 17. Kd1 e4 18. Ng5 Na1 19. Nxe4 Bc2+ 20. Ke1 Nb3
21. Bb2
1-0

[Event "Kings Christmas challenge"]
[Site "SchemingMind.com"]
[Date "2010.12.23"]
[Round "-"]
[White "pclaxton"]
[Black "Jacob"]
[Result "1-0"]
[WhiteCountry "ENG"]
[BlackCountry "MEX"]
[WhiteElo "1375"]
[WhiteRD "60"]
[BlackElo "1145"]
[BlackRD "76"]
[GameID "270759"]

1. e4 e5 2. Nf3 Nf6 3. d4 d5 4. dxe5 dxe4 5. Qxd8+ Kxd8 6. Nfd2 Nd5 7. Nxe4 Bf5 8. Bd3 Bxe4 9. Bxe4 c6 10. Bg5+ f6
11. exf6 gxf6 12. Bxd5 cxd5 13. Bxf6+ Ke8 14. Bxh8 Nc6 15. O-O Bh6 16. Re1+ Kf7 17. Be5 Re8 18. Bc3 Rd8 19. Rd1 Re8 20. Rxd5 Bg7
21. Rd7+
1-0

[Event "Kings Christmas challenge"]
[Site "SchemingMind.com"]
[Date "2010.12.23"]
[Round "-"]
[White "Phillip Beckett"]
[Black "pclaxton"]
[Result "1-0"]
[WhiteCountry "ENG"]
[BlackCountry "ENG"]
[WhiteElo "1694"]
[WhiteRD "52"]
[BlackElo "1351"]
[BlackRD "58"]
[GameID "270760"]

1. e4 e5 2. Nf3 d6 3. d4 f6 4. dxe5 dxe5 5. Qxd8+ Kxd8 6. Nc3 Nc6 7. Be3 b6 8. O-O-O+ Bd7 9. Nd5 Nge7 10. Bb5 Nxd5
11. Rxd5 a6 12. Bxc6 Bd6 13. Bxd7 Kxd7 14. Rhd1 Rhf8 15. Nh4 g5 16. Nf5 Ke6 17. Nxd6 Rad8 18. Nc4 b5 19. Rxd8 Rxd8 20. Rxd8 f5
21. Nd2 f4 22. Bc5 Kf7 23. Nf3 Kf6 24. Re8 g4 25. Nxe5 Kg5 26. Rf8 f3 27. gxf3 gxf3 28. Nxf3+ Kg4 29. h4 h5 30. Kd1 c6
31. e5 b4 32. e6 Kh3 33. Be7 Kg2 34. Ng5 c5 35. f4 Kg3 36. f5 Kxh4 37. f6 Kxg5 38. f7+ Kg6 39. Rg8+ Kh7 40. f8=Q
1-0

[Event "Kings Christmas challenge"]
[Site "SchemingMind.com"]
[Date "2010.12.23"]
[Round "-"]
[White "Will Grummitt"]
[Black "pclaxton"]
[Result "1-0"]
[WhiteCountry "ENG"]
[BlackCountry "ENG"]
[WhiteElo "1741"]
[WhiteRD "54"]
[BlackElo "1351"]
[BlackRD "58"]
[GameID "270761"]

1. d4 d5 2. c4 e6 3. Nc3 c5 4. e4 cxd4 5. Qxd4 Nc6 6. Qd1 Nf6 7. Bg5 Nb4 8. e5 Be7 9. exf6 Bxf6 10. Bxf6 Qxf6
11. Qa4+ Nc6 12. Nge2 O-O 13. cxd5 e5 14. dxc6 bxc6 15. Ng3 Qd6 16. Rd1 Qe6 17. b3 f6 18. Qe4 g6 19. Bd3 f5 20. Qe2 f4
21. Nf1 Bb7 22. Bc4 Qxc4 23. Qxc4+ Rf7 24. Rd7 Rf8 25. Rxb7 a5 26. Rxf7 Rxf7 27. Ne4 Kg7 28. Qxc6 g5 29. Nxg5 Rf6 30. Qd7+ Kh6
31. Ne4 Rg6 32. g3 a4 33. bxa4 Ra6 34. gxf4 exf4 35. Rg1 Rg6 36. Rxg6+ hxg6 37. Qg4 g5 38. h4 gxh4 39. Qg5+ Kh7 40. Nf6+ Kh8
41. Qg8#
1-0

[Event "Kings Christmas challenge"]
[Site "SchemingMind.com"]
[Date "2010.12.23"]
[Round "-"]
[White "tom claxton"]
[Black "pclaxton"]
[Result "1-0"]
[WhiteCountry "ENG"]
[BlackCountry "ENG"]
[WhiteElo "1382"]
[WhiteRD "55"]
[BlackElo "1351"]
[BlackRD "57"]
[GameID "270762"]

1. d4 d5 2. Nc3 e6 3. e3 Bb4 4. Bd2 Nf6 5. Nb5 Bxd2+ 6. Qxd2 c6 7. Nc3 O-O 8. Nf3 Qb6 9. Na4 Qc7 10. c4 Ne4
11. Qc2 b5 12. cxb5 Qa5+ 13. Nc3 cxb5 14. Bxb5 Bd7 15. Bxd7 Nxd7 16. O-O Rfc8 17. Rfc1 Ndf6 18. h3 h6 19. a3 Qc7 20. Nxe4 Qxc2
21. Rxc2 Rxc2 22. Nxf6+ gxf6 23. Rb1 Rb8 24. b4 a5 25. Ne1 Rc3 26. b5 Rxa3 27. b6 e5 28. b7 exd4 29. exd4 a4 30. Nc2 Rc3
31. Ne3 a3 32. Nxd5 Rc6 33. Ne7+ Kf8 34. Nxc6 Rxb7 35. Rxb7 f5 36. Ne7 a2 37. Nxf5 a1=Q+ 38. Kh2 Qa8 39. Rd7 Qe4 40. Rd8+ Qe8
41. Rxe8+ Kxe8 42. Nxh6 f6 43. g4 Ke7 44. Kg3 Ke6 45. Kf4 Kd5 46. Ke3 Ke6 47. f4 Kd5 48. g5 fxg5 49. fxg5 Ke6 50. Ke4 Kd6
51. g6 Ke7 52. g7 Kf6 53. g8=Q Ke7 54. d5 Kd6 55. Kd4 Ke7 56. Qe6+ Kd8 57. Nf7+ Kc7 58. Qc6+ Kb8 59. Qd7 Ka8 60. Nd6 Kb8
61. Qb7#
1-0

[Event "Kings Christmas challenge"]
[Site "SchemingMind.com"]
[Date "2010.12.27"]
[Round "-"]
[White "Sam Williams"]
[Black "pclaxton"]
[Result "1-0"]
[WhiteCountry "ENG"]
[BlackCountry "ENG"]
[WhiteElo "1343"]
[WhiteRD "90"]
[BlackElo "1351"]
[BlackRD "57"]
[GameID "270763"]

1. e4 e5 2. Nc3 d6 3. Bb5+ Bd7 4. Bxd7+ Qxd7 5. Nf3 f5 6. O-O Nf6 7. d3 Nc6 8. d4 g6 9. dxe5 dxe5 10. Nb5 Nxe4
11. Re1 Nb4 12. c3 Nd3 13. Re3 Ndxf2 14. Qxd7+ Kxd7 15. Kf1 Ng4 16. Rd3+ Nd6 17. Bg5 Nxh2+ 18. Nxh2 e4 19. Rd4 a6 20. Bf4 Rg8
21. Rad1 axb5 22. c4 Rxa2 23. b3 h6 24. cxb5 g5 25. Be5 Bg7 26. Bxg7 Rxg7 27. b4 h5 28. Rd5 h4 29. Rxf5 Rb2 30. Ng4 Ke6
31. Rf6+ Ke7 32. Rh6 Nf5 33. Rh8 Rxb4 34. Rhd8 Ke6 35. Rb8 b6 36. Rc8 Rxb5 37. Rdd8 Nd6 38. Ra8 Rf7+ 39. Kg1 Rb1+ 40. Kh2 Nb7
41. Re8+ Kf5 42. Nh6+ Kf6 43. Nxf7 Kxf7 44. Rf8+ Ke7 45. Rae8+ Kd7 46. Rxe4 Nd6 47. Rd4 Ke7 48. Rh8 Nf5 49. Rh7+ Ke6 50. Rdd7 Ke5
51. Rxc7 Kd6 52. Rhd7+ Ke6 53. Rd2 g4 54. Rc6+ Kf7 55. Rd7+ Ne7 56. Rcc7 Re1 57. Rb7 Ke6 58. Rxe7+ Kf5 59. Rxe1 Kf4 60. Rf7+ Kg5
61. Re5+ Kg6 62. Rff5 Kh6 63. Rh5+ Kg6 64. Rxh4 Kf6 65. Rb5 g3+ 66. Kxg3 Ke6 67. Rh6+ Kd7 68. Rbxb6 Kc7 69. Rbg6 Kd8 70. Rh7 Ke8
71. Rg8#
1-0

[Event "Kings Christmas challenge"]
[Site "SchemingMind.com"]
[Date "2010.12.27"]
[Round "-"]
[White "lark"]
[Black "pclaxton"]
[Result "0-1"]
[WhiteCountry "ENG"]
[BlackCountry "ENG"]
[WhiteElo "1255"]
[WhiteRD "78"]
[BlackElo "1375"]
[BlackRD "60"]
[GameID "270764"]

1. Nf3 d5 2. g3 Nf6 3. Bg2 c6 4. d3 Qb6 5. O-O e6 6. c4 Nbd7 7. Be3 Qxb2 8. Nbd2 Qb4 9. Qb1 Qa5 10. cxd5 cxd5
11. Rc1 Ng4 12. Rc2 Nxe3 13. Rc1 Qxd2 14. fxe3 Qxe3+ 15. Kf1 Ba3 16. Rc3 Nb6 17. Qb5+ Bd7 18. Qb3 Bc5 19. Rxc5 Qxc5 20. Ne5 Rb8
21. Nxd7 Nxd7
0-1

[Event "Kings Christmas challenge"]
[Site "SchemingMind.com"]
[Date "2010.12.23"]
[Round "-"]
[White "Jacob"]
[Black "pclaxton"]
[Result "0-1"]
[WhiteCountry "MEX"]
[BlackCountry "ENG"]
[WhiteElo "1145"]
[WhiteRD "76"]
[BlackElo "1375"]
[BlackRD "60"]
[GameID "270765"]

1. e4 e5 2. Nf3 Nf6 3. d4 d6 4. dxe5 Nxe4 5. exd6 Nxd6 6. Nc3 Nc6 7. Bb5 Bd7 8. Bxc6 Bxc6 9. O-O Nb5 10. Nxb5 Bxb5
11. Re1+ Be7 12. Qxd8+ Kxd8 13. Nd4 Ba4 14. b3 Bd7 15. Rd1 Bc5 16. Bf4 Bxd4 17. Rxd4 c5 18. Rd5 b6 19. Rad1 Re8 20. Rxd7+ Kc8
21. Rc7+ Kb8
0-1

[Event "Kings Christmas challenge"]
[Site "SchemingMind.com"]
[Date "2011.02.03"]
[Round "-"]
[White "joescarb"]
[Black "Phillip Beckett"]
[Result "0-1"]
[WhiteCountry "ENG"]
[BlackCountry "ENG"]
[WhiteElo "1245"]
[WhiteRD "125"]
[BlackElo "1703"]
[BlackRD "49"]
[GameID "274968"]

1. d4 d5 2. Nc3 Nf6 3. Nf3 e6 4. e3 c5 5. Bd3 Nc6 6. Bb5 a6 7. Bxc6+ bxc6 8. O-O cxd4 9. exd4 Be7 10. Ne5 Qb6
11. Na4 Qb7 12. Bg5 h6 13. Nc5 Bxc5 14. dxc5 hxg5 15. c4 Nd7 16. Nxd7 Bxd7 17. b3 Qc7 18. Qd4 Qxh2#
0-1

[Event "Kings Christmas challenge"]
[Site "SchemingMind.com"]
[Date "2011.02.03"]
[Round "-"]
[White "joescarb"]
[Black "Will Grummitt"]
[Result "0-1"]
[WhiteCountry "ENG"]
[BlackCountry "ENG"]
[WhiteElo "1245"]
[WhiteRD "125"]
[BlackElo "1811"]
[BlackRD "56"]
[GameID "274969"]

1. d4 e6 2. d5 Nf6 3. Nc3 Bb4 4. Bd2 Bxc3 5. Bxc3 O-O 6. e4 Nxe4 7. Qe2 Nxc3 8. bxc3 Re8 9. Nf3 exd5 10. Ne5 f6
11. Qh5 Rxe5+ 12. Be2 Rxh5 13. Bxh5 Qe7+ 14. Be2= Nc6 15. Kd2 d6 16. Rhe1 Qf7 17. Bb5 Bd7 18. f3 Qg6 19. g4 Qg5+ 20. Re3 a6
21. Re1 axb5 22. Rf1 Qf4 23. Kd3 Ne5+ 24. Ke2 Nc4 25. Re7 Qd2#
0-1

[Event "Kings Christmas challenge"]
[Site "SchemingMind.com"]
[Date "2011.02.04"]
[Round "-"]
[White "joescarb"]
[Black "tom claxton"]
[Result "1-0"]
[WhiteCountry "ENG"]
[BlackCountry "ENG"]
[WhiteElo "1283"]
[WhiteRD "110"]
[BlackElo "1413"]
[BlackRD "56"]
[GameID "274970"]

1. Nf3 d5 2. d4 Bg4 3. e3 Nf6 4. Be2 Ne4 5. Nc3 Nxc3 6. bxc3 Nc6 7. c4 e6 8. cxd5 Qxd5 9. c4 Qa5+ 10. Bd2 Qa3
11. O-O Bxf3 12. Bxf3 Bb4 13. Bxb4 Qxb4 14. d5 exd5 15. cxd5 Nd8 16. Rc1 c6 17. e4 f6 18. Rb1 Qe7 19. Bh5+ g6 20. Be2 Qxe4
21. dxc6 Nxc6 22. Bb5 O-O 23. Re1 Qf5 24. h3 Rad8 25. Qb3+ Kg7 26. Bxc6 bxc6 27. Qb7+ Qd7 28. Re7+ Qxe7 29. Qxe7+ Kg8 30. Rb7 Rf7
31. Qxf7+ Kh8 32. Qxh7#
1-0

[Event "Kings Christmas challenge"]
[Site "SchemingMind.com"]
[Date "2011.02.04"]
[Round "-"]
[White "joescarb"]
[Black "Sam Williams"]
[Result "1-0"]
[WhiteCountry "ENG"]
[BlackCountry "ENG"]
[WhiteElo "1328"]
[WhiteRD "103"]
[BlackElo "1343"]
[BlackRD "90"]
[GameID "274971"]

1. d4 e6 2. d5 e5 3. e4 d6 4. Nf3 Nf6 5. Nc3 Bg4 6. Bb5+ c6 7. Bd3 c5 8. Bb5+ Nfd7 9. Bg5 f6 10. Bh4 a6
11. Bxd7+ Qxd7 12. Qd3 g5 13. Bg3 Bxf3 14. Qxf3 b5 15. Qxf6 Rg8 16. O-O Qe7 17. Qxe7+ Bxe7 18. a4 b4 19. Ne2 Nd7 20. c3 bxc3
21. Nxc3 Rb8 22. Ra2 Nb6 23. a5 Nc4 24. b3 Rxb3 25. Rc1 h5 26. Rb1 Rxc3 27. Rb8+ Bd8 28. Ra4 Nd2 29. h3 Rc1+ 30. Kh2 Rf8
31. h4 gxh4 32. Bxh4 Nxe4 33. Rxd8+ Kf7 34. Rxf8+ Kxf8 35. Rxe4 Ra1 36. g4 Ra2 37. g5 Rxa5 38. f4 Ra2+ 39. Kh3 Ra3+ 40. Kg2 a5
41. f5 a4 42. f6 Ra2+ 43. Bf2 a3 44. g6 Rc2 45. Rh4 a2 46. Rh1 Rd2 47. Kf3 Rxd5 48. Rg1 Rd3+ 49. Ke2 c4 50. g7+ Kg8
51. f7+ Kxf7 52. g8=Q+ Ke7 53. Qxc4 Ra3 54. Ra1 Kf6 55. Rxa2 Rxa2+ 56. Qxa2 Kf5 57. Qd2 e4 58. Bg3 Kg4 59. Qf4+ Kh3 60. Qh4+ Kg2
61. Qh2#
1-0

[Event "Kings Christmas challenge"]
[Site "SchemingMind.com"]
[Date "2011.02.04"]
[Round "-"]
[White "joescarb"]
[Black "pclaxton"]
[Result "0-1"]
[WhiteCountry "ENG"]
[BlackCountry "ENG"]
[WhiteElo "1245"]
[WhiteRD "125"]
[BlackElo "1359"]
[BlackRD "60"]
[GameID "274973"]

1. Nf3 d5 2. d4 Bg4 3. e3 e6 4. Bb5+ c6 5. Ba4 Nf6 6. Nbd2 Qa5 7. Bb3 Nbd7 8. O-O O-O-O 9. Qe1 Bb4 10. c3 Bd6
11. Bd1 Qc7 12. h3 Bxf3 13. Bxf3 e5 14. e4 Qb6 15. Qe2 Bb8 16. Re1 Qc7 17. Nb3 exd4 18. Nxd4 Qh2+ 19. Kf1 Qh1#
0-1

[Event "Kings Christmas challenge"]
[Site "SchemingMind.com"]
[Date "2011.02.03"]
[Round "-"]
[White "Phillip Beckett"]
[Black "joescarb"]
[Result "1-0"]
[WhiteCountry "ENG"]
[BlackCountry "ENG"]
[WhiteElo "1703"]
[WhiteRD "49"]
[BlackElo "1245"]
[BlackRD "125"]
[GameID "274975"]

1. e4 e5 2. Nf3 Nc6 3. Bb5 Nf6 4. d3 Nd4 5. Nxd4 exd4 6. O-O Bb4 7. Bg5 O-O 8. e5 Be7 9. exf6 Bxf6 10. Bxf6 Qxf6
11. Nd2 c6 12. Bc4 d5 13. Bb3 Qg6 14. Qf3 Bg4 15. Qg3 Rae8 16. Rae1 Re6 17. Rxe6 Qxe6 18. Nf3 c5 19. Re1 Qc8 20. h3 c4
21. Bxc4 dxc4 22. Qxg4 Qxg4 23. hxg4 g6 24. Nxd4 Rd8 25. Nb5 cxd3 26. cxd3 Rxd3 27. Nxa7 h5 28. gxh5 gxh5 29. Re2 Rd6 30. Nc8 Ra6
31. a3 Rg6 32. Ne7+ Kg7 33. Nxg6 Kxg6 34. Re7 b5 35. Rb7 f5 36. Rxb5 Kg5 37. a4 h4 38. a5 Kg4 39. a6 f4 40. a7 f3
41. a8=Q h3 42. Qxf3+ Kh4 43. Qxh3#
1-0

[Event "Kings Christmas challenge"]
[Site "SchemingMind.com"]
[Date "2011.02.03"]
[Round "-"]
[White "Will Grummitt"]
[Black "joescarb"]
[Result "1-0"]
[WhiteCountry "ENG"]
[BlackCountry "ENG"]
[WhiteElo "1811"]
[WhiteRD "56"]
[BlackElo "1245"]
[BlackRD "125"]
[GameID "274976"]

1. e4 a6 2. d4 b6 3. Nc3 Bb7 4. Nf3 g6 5. Bd3 Bg7 6. Be3 Nc6 7. O-O e6 8. Qe2 d6 9. a3 Nf6 10. h3 O-O
11. Qd2 Re8 12. Bh6 e5 13. d5 Nd4 14. Nxd4 exd4 15. Ne2 Nxe4 16. Qb4 Bxh6 17. Qxd4 Nd2 18. Rfe1 Qg5 19. f4 Qe7 20. Ng3 Qh4
21. Ne2 c6 22. Qxb6 Rab8 23. dxc6 Bxc6 24. Qxc6 Red8 25. Qc3 Bxf4 26. Nxf4 Qxf4 27. Re2 Re8 28. Rxd2 Re3 29. Rf1 Qg3 30. Qc7 Rbe8
31. Qxf7+ Kh8 32. Qf6+ Kg8 33. Bc4+ d5 34. Bxd5+ R3e6 35. Bxe6+ Rxe6 36. Qf8#
1-0

[Event "Kings Christmas challenge"]
[Site "SchemingMind.com"]
[Date "2011.02.04"]
[Round "-"]
[White "tom claxton"]
[Black "joescarb"]
[Result "1-0"]
[WhiteCountry "ENG"]
[BlackCountry "ENG"]
[WhiteElo "1400"]
[WhiteRD "60"]
[BlackElo "1245"]
[BlackRD "125"]
[GameID "274977"]

1. d4 d5 2. Nc3 Nc6 3. Nf3 Nf6 4. Bg5 Qd6 5. Bxf6 Qxf6 6. e4 dxe4 7. Nxe4 Qf4 8. Nc5 e6 9. g3 Qh6 10. d5 exd5
11. Qxd5 Bg4 12. Qe4+ Ne7 13. Qxg4 Qg6 14. Qd7#
1-0

[Event "Kings Christmas challenge"]
[Site "SchemingMind.com"]
[Date "2011.02.04"]
[Round "-"]
[White "Sam Williams"]
[Black "joescarb"]
[Result "0-1"]
[WhiteCountry "ENG"]
[BlackCountry "ENG"]
[WhiteElo "1324"]
[WhiteRD "92"]
[BlackElo "1283"]
[BlackRD "110"]
[GameID "274978"]

1. e3 b6 2. d4 Bb7 3. f3 g6 4. Bc4 Bg7 5. f4 Bxg2 6. Nf3 Bxh1 7. Ng5 e6 8. d5 Na6 9. dxe6 fxe6 10. e4 Bf6
11. Nh3 Bh4+ 12. Nf2 Bxe4 13. Bxa6 Nf6 14. Bb5 c6 15. Bf1 d5 16. b3 Ng4 17. Ke2 Nxf2 18. Qd4 Bf6 19. Qxf2 Bxa1 20. c3 Bxb1
21. Qd4 Kd7 22. Qg7+ Qe7 23. Qxe7+ Kc8 24. Qxe6+ Kd8 25. Qf6+ Kc7 26. Qe5+ Kb7 27. Ke1 Rhe8 28. Qxe8 Rxe8+ 29. Be2 Bxc3+ 30. Kf1 a5
31. Bg4 Re1+ 32. Kf2 Rxc1 33. Ke2 d4 34. h3 Bc2 35. Kf2 d3 36. h4 d2 37. Ke2 d1=Q+ 38. Kf2 Qf1+ 39. Ke3 Qd3+ 40. Kf2 Rf1+
41. Kg2 Bd4 42. Kh2 Rf2+ 43. Kh1 Qf1#
0-1

[Event "Kings Christmas challenge"]
[Site "SchemingMind.com"]
[Date "2011.02.04"]
[Round "-"]
[White "pclaxton"]
[Black "joescarb"]
[Result "1-0"]
[WhiteCountry "ENG"]
[BlackCountry "ENG"]
[WhiteElo "1359"]
[WhiteRD "60"]
[BlackElo "1245"]
[BlackRD "125"]
[GameID "274980"]

1. e4 e5 2. Nf3 d5 3. d3 Nc6 4. Nc3 Nf6 5. Bg5 Be7 6. Bxf6 Bxf6 7. Nxd5 Be6 8. Nxf6+ Qxf6 9. g3 Bg4 10. Be2 h5
11. h3 Bxf3 12. Bxf3 Nd4 13. Be2 Qc6 14. c3 Ne6 15. Bxh5 g6 16. Bg4 Ng5 17. h4 Ne6 18. O-O Nc5 19. b4 Na4 20. Qb3 Nxc3
21. Rac1 f5 22. Bd1 fxe4 23. Rxc3 Qf6 24. Rxc7 Qb6 25. Qf7+ Kd8 26. Qd7#
1-0